[Event "Hastings Masters"]
[Site "?"]
[Date "2007.12.29"]
[Round "2.11"]
[White "Fruteau, Sabine"]
[Black "Georgiev, Vladimir"]
[Result "0-1"]
[WhiteElo "2169"]
[BlackElo "2576"]
[PlyCount "76"]
[EventDate "2007.12.29"]
[SourceDate "2007.12.29"]

1. e4 c5 2. Nf3 Nc6 3. Bb5 g6 4. O-O Bg7 5. c3 e5 6. d3 Nge7 7. Nbd2 O-O 8. Nb3
d6 9. Bc4 Rb8 10. a4 b6 11. h3 h6 12. Nh2 a6 13. Nd2 Kh7 14. f4 f5 15. fxe5
Nxe5 16. Nhf3 Nxc4 17. Nxc4 b5 18. axb5 axb5 19. Ne3 f4 20. Ng4 Bxg4 21. hxg4
g5 22. d4 Qc8 23. e5 d5 24. dxc5 Qxc5+ 25. Qd4 Qc8 26. b3 b4 27. cxb4 Qxg4 28.
b5 Kh8 29. Ra7 Qe6 30. Rd1 Nf5 31. Qc5 Rfc8 32. Rc7 Rxc7 33. Qxc7 Rc8 34. Qb7
g4 35. Ne1 Bxe5 36. Nd3 Rb8 37. Nc5 Bd4+ 38. Kh1 Qe8 0-1

[Event "Hastings Masters"]
[Site "?"]
[Date "2007.12.29"]
[Round "2.12"]
[White "Chatalbashev, Boris"]
[Black "Mansson, James"]
[Result "1-0"]
[WhiteElo "2581"]
[BlackElo "2161"]
[PlyCount "67"]
[EventDate "2007.12.29"]
[SourceDate "2007.12.29"]

1. c4 e5 2. Nc3 Nf6 3. Nf3 Nc6 4. g3 Bb4 5. Bg2 O-O 6. O-O e4 7. Ng5 Bxc3 8.
bxc3 Re8 9. f3 e3 10. dxe3 h6 11. Nh3 d5 12. Nf4 Na5 13. cxd5 g5 14. Nd3 Nxd5
15. e4 Nb6 16. f4 Nbc4 17. e5 Qe7 18. e4 g4 19. f5 h5 20. Bf4 Nc6 21. Qc1 Qa3
22. Qxa3 Nxa3 23. Nb4 Nxb4 24. cxb4 Bd7 25. Rac1 Bb5 26. Rc3 Bxf1 27. Bxf1 a5
28. b5 Nxb5 29. Bxb5 c6 30. Be2 Red8 31. Kf2 Rd4 32. Ke3 Ra4 33. Bc4 Kf8 34. e6
1-0

[Event "Hastings Masters"]
[Site "?"]
[Date "2007.12.29"]
[Round "2.13"]
[White "Dickson, George A"]
[Black "Flear, Glenn C"]
[Result "0-1"]
[WhiteElo "2160"]
[BlackElo "2493"]
[PlyCount "66"]
[EventDate "2007.12.29"]
[SourceDate "2007.12.29"]

1. e4 e5 2. Nf3 Nc6 3. Bb5 a6 4. Ba4 Nf6 5. Qe2 Be7 6. d3 b5 7. Bb3 O-O 8. O-O
d6 9. h3 Na5 10. Bg5 h6 11. Bd2 Nxb3 12. axb3 Bb7 13. b4 d5 14. exd5 Nxd5 15.
c3 Re8 16. Na3 Bf6 17. Rfe1 Qd7 18. Qe4 c5 19. Qg4 Qxg4 20. hxg4 cxb4 21. cxb4
Nf4 22. Bc3 Nxd3 23. Re3 Rad8 24. Rd1 Nf4 25. Rxd8 Rxd8 26. Bxe5 Bxe5 27. Rxe5
Nd3 28. Re7 Bxf3 29. gxf3 Nxb4 30. Re4 Rd1+ 31. Kg2 Nd3 32. Nc2 Rd2 33. Re8+
Kh7 0-1

[Event "Hastings Masters"]
[Site "?"]
[Date "2007.12.29"]
[Round "2.15"]
[White "Hagesaether, Arne"]
[Black "Islam, Kh Aminul"]
[Result "0-1"]
[WhiteElo "2153"]
[BlackElo "2390"]
[PlyCount "114"]
[EventDate "2007.12.29"]
[SourceDate "2007.12.29"]

1. e4 Nc6 2. Nf3 e5 3. Bb5 a6 4. Ba4 Nf6 5. O-O b5 6. Bb3 Bc5 7. a4 Rb8 8. axb5
axb5 9. Nxe5 Nxe5 10. d4 Bxd4 11. Qxd4 d6 12. c3 O-O 13. Bg5 c5 14. Qe3 h6 15.
Bh4 Ng6 16. Bg3 Qe7 17. Rd1 Rd8 18. e5 Nxe5 19. h3 Bb7 20. Ra7 Ra8 21. Rxa8
Rxa8 22. Na3 Qc7 23. f4 Ng6 24. Nxb5 Qc6 25. Qe2 Nh5 26. Bxf7+ Kxf7 27. Rxd6
Qe4 28. Rd7+ Kg8 29. Qxe4 Bxe4 30. Bf2 Ngxf4 31. Bxc5 Bxg2 32. Ra7 Re8 33. Re7
Rb8 34. c4 Rd8 35. Nd6 Bxh3 36. Ba3 Ng6 37. Re3 Bd7 38. b4 Nf6 39. b5 Ne8 40.
Nb7 Rc8 41. Nc5 Bf5 42. Na6 Rd8 43. b6 Bc8 44. Nb4 Rd1+ 45. Kf2 Nf6 46. Ke2 Rd8
47. c5 Nf4+ 48. Kf3 N4d5 49. Rd3 Re8 50. Nc6 Bb7 51. Na5 Nb4+ 52. Nxb7 Nxd3 53.
Nd6 Rb8 54. Nc4 Nd7 55. c6 N3e5+ 56. Kf4 Nxc4 57. c7 Ncxb6 0-1

[Event "Hastings Masters"]
[Site "?"]
[Date "2007.12.29"]
[Round "2.16"]
[White "Pavlovic, Milos"]
[Black "Atako, Chino"]
[Result "1-0"]
[WhiteElo "2536"]
[BlackElo "2149"]
[PlyCount "45"]
[EventDate "2007.12.29"]
[SourceDate "2007.12.29"]

1. d4 f5 2. g3 Nf6 3. Bg2 g6 4. Nf3 Bg7 5. O-O d6 6. c4 O-O 7. Nc3 Qe8 8. Nd5
Nxd5 9. cxd5 Nd7 10. Ng5 Nb6 11. a4 c6 12. dxc6 bxc6 13. d5 Bd7 14. dxc6 Bxc6
15. Qb3+ Kh8 16. Bxc6 Qxc6 17. Nf7+ Rxf7 18. Qxf7 Qe4 19. Bg5 Nd5 20. Rfd1 Bxb2
21. Ra2 Nc3 22. Rxb2 Nxd1 23. Bxe7 1-0

[Event "Hastings Masters"]
[Site "?"]
[Date "2007.12.29"]
[Round "2.17"]
[White "Lalic, Bogdan"]
[Black "Donovan, Nigel"]
[Result "1-0"]
[WhiteElo "2500"]
[BlackElo "2121"]
[PlyCount "65"]
[EventDate "2007.12.29"]
[SourceDate "2007.12.29"]

1. d4 Nf6 2. c4 e6 3. Nf3 b6 4. g3 Ba6 5. Qb3 Nc6 6. Nbd2 Na5 7. Qc3 c5 8. dxc5
bxc5 9. e4 d6 10. e5 dxe5 11. Nxe5 Bb7 12. Ndf3 Nc6 13. Nxc6 Bxc6 14. Bg2 Be7
15. O-O O-O 16. Bf4 Qb6 17. Rfd1 Rfd8 18. Ne5 Bxg2 19. Kxg2 Qb7+ 20. Qf3 Qxf3+
21. Kxf3 Rac8 22. Rxd8+ Bxd8 23. Rd1 Kf8 24. g4 h6 25. h4 Bc7 26. g5 hxg5 27.
hxg5 Nh5 28. Bh2 f6 29. Kg4 fxe5 30. Kxh5 Ke7 31. Kg6 Rb8 32. b3 Rh8 33. Bg3
1-0

[Event "Hastings Masters"]
[Site "?"]
[Date "2007.12.29"]
[Round "2.18"]
[White "Sugden, John N"]
[Black "Bates, Richard"]
[Result "0-1"]
[WhiteElo "2116"]
[BlackElo "2378"]
[PlyCount "68"]
[EventDate "2007.12.29"]
[SourceDate "2007.12.29"]

1. d4 Nf6 2. c4 g6 3. Nc3 Bg7 4. e4 d6 5. f3 O-O 6. Bg5 c5 7. dxc5 Qa5 8. Qd2
dxc5 9. e5 Nfd7 10. Nd5 Qxd2+ 11. Kxd2 Nc6 12. Bxe7 Nxe7 13. Nxe7+ Kh8 14. f4
Bh6 15. Nh3 Nxe5 16. Nxc8 Raxc8 17. Re1 Rcd8+ 18. Kc2 Nc6 19. a3 Rd4 20. Rd1
Rxd1 21. Kxd1 Rd8+ 22. Kc2 Nd4+ 23. Kc1 a5 24. Bd3 Ne6 25. Kc2 Bxf4 26. Rf1
Nd4+ 27. Kb1 Be3 28. Rxf7 Nb3 29. Kc2 Nc1 30. Be4 Rd2+ 31. Kb1 Nb3 32. Rf3 Re2
33. Bd3 Re1+ 34. Kc2 Nd4+ 0-1

[Event "Hastings Masters"]
[Site "?"]
[Date "2007.12.29"]
[Round "2.19"]
[White "Zhou, Yang Fan"]
[Black "Knott, Simon JB"]
[Result "0-1"]
[WhiteElo "2068"]
[BlackElo "2366"]
[PlyCount "110"]
[EventDate "2007.12.29"]
[SourceDate "2007.12.29"]

1. e4 e6 2. d3 d5 3. Qe2 Nf6 4. Nf3 c5 5. g3 Nc6 6. Bg2 Be7 7. O-O O-O 8. e5
Ne8 9. c4 Nc7 10. Nc3 Rb8 11. Nb5 Nxb5 12. cxb5 Na5 13. b4 cxb4 14. Nd4 a6 15.
Be3 Bd7 16. Rac1 axb5 17. Qg4 Kh8 18. f4 Nc6 19. Nb3 Ra8 20. Rc2 Ra3 21. Qe2
Na5 22. Rb1 Nxb3 23. Rxb3 Bc6 24. d4 Qa5 25. Bc1 Ra4 26. Be3 Ra8 27. Rbb2 Ra3
28. Bf1 Qa4 29. Qf2 b3 30. axb3 Rxb3 31. f5 exf5 32. Ra2 Ra3 33. Rxa3 Qxa3 34.
Bc1 Qb4 35. Bd3 g6 36. Kg2 Ra4 37. e6 f6 38. Qf4 Qd6 39. Bxb5 Qxf4 40. Bxf4
Bxb5 41. Rc7 Ra2+ 42. Kg1 Ra1+ 43. Kf2 Ra2+ 44. Kg1 g5 45. Rxe7 gxf4 46. Rxb7
Bc6 47. e7 Ra8 48. Rb6 Ba4 49. Rxf6 Re8 50. Re6 fxg3 51. hxg3 Bc2 52. Rd6 Rxe7
53. Rxd5 Kg7 54. g4 fxg4 55. Rg5+ Bg6 0-1

[Event "Hastings Masters"]
[Site "?"]
[Date "2007.12.29"]
[Round "2.21"]
[White "Fryer, David William"]
[Black "Radovanovic, Jovica"]
[Result "1/2-1/2"]
[WhiteElo "2065"]
[BlackElo "2355"]
[PlyCount "60"]
[EventDate "2007.12.29"]
[SourceDate "2007.12.29"]

1. e4 c5 2. Nc3 a6 3. g3 b5 4. Bg2 Bb7 5. d3 e6 6. Nf3 d6 7. O-O Be7 8. Be3 Nf6
9. h3 O-O 10. Nh2 Nbd7 11. f4 b4 12. Ne2 c4 13. g4 cxd3 14. cxd3 Rc8 15. Qd2 a5
16. Ng3 Ne8 17. g5 d5 18. Ng4 f5 19. gxf6 Nexf6 20. e5 Nxg4 21. hxg4 Nc5 22. d4
Ne4 23. Nxe4 dxe4 24. Rfc1 Qd5 25. Bf1 Kh8 26. b3 Qd7 27. Bc4 Bd5 28. Rc2 Bd8
29. Bxd5 exd5 30. f5 Rxc2 1/2-1/2

[Event "Hastings Masters"]
[Site "?"]
[Date "2007.12.29"]
[Round "2.22"]
[White "Kakkanas, Evangelos"]
[Black "Afek, Yochanan"]
[Result "1/2-1/2"]
[WhiteElo "2064"]
[BlackElo "2349"]
[PlyCount "103"]
[EventDate "2007.12.29"]
[SourceDate "2007.12.29"]

1. d4 Nf6 2. c4 c5 3. d5 b5 4. cxb5 a6 5. bxa6 g6 6. Nc3 Bxa6 7. g3 d6 8. Bg2
Bg7 9. Nf3 O-O 10. O-O Nbd7 11. Qc2 Qa5 12. Bd2 Rfb8 13. a4 Qb6 14. Rfb1 Qb3
15. Ne1 Ne5 16. Nb5 Qxc2 17. Nxc2 Bxb5 18. axb5 Rxa1 19. Rxa1 Rxb5 20. Ra8+ Bf8
21. Bc3 Nc4 22. Na3 Nxa3 23. Rxa3 Rb7 24. e4 Nd7 25. f4 Bg7 26. Ra8+ Rb8 27.
Rxb8+ Nxb8 28. Kf2 Nd7 29. Ke3 Nb6 30. Bxg7 Kxg7 31. b3 Kf6 32. Bf1 e6 33. dxe6
fxe6 34. Bb5 Nc8 35. Kd3 e5 36. Ke3 Ne7 37. Bd7 g5 38. fxg5+ Kxg5 39. Kf3 d5
40. exd5 Nxd5 41. h4+ Kf6 42. g4 h6 43. Bc6 Nf4 44. Ke4 Ng6 45. Bd5 Nxh4 46.
Bc4 Ng6 47. Kd5 Nh4 48. Kxc5 Nf3 49. b4 Nd4 50. b5 Nxb5 51. Bxb5 Kg5 52. Kd5
1/2-1/2

[Event "Hastings Masters"]
[Site "?"]
[Date "2007.12.29"]
[Round "2.24"]
[White "Salimbeni, George"]
[Black "Rudd, Jack"]
[Result "0-1"]
[WhiteElo "2058"]
[BlackElo "2332"]
[PlyCount "104"]
[EventDate "2007.12.29"]
[SourceDate "2007.12.29"]

1. e4 d6 2. d4 g6 3. Nc3 Bg7 4. Be3 a6 5. Qd2 b5 6. f3 Bb7 7. O-O-O Nd7 8. h4
h5 9. Nh3 e6 10. Kb1 Ne7 11. Nf4 Nb6 12. Bd3 Qc8 13. Nce2 c5 14. c3 O-O 15. g4
hxg4 16. fxg4 e5 17. Nh3 d5 18. Nf2 exd4 19. cxd4 dxe4 20. Nxe4 Nc4 21. Qc1
Nxe3 22. Qxe3 Nd5 23. Qh3 Nb4 24. h5 Qe6 25. hxg6 Rfc8 26. gxf7+ Kf8 27. N2c3
cxd4 28. Ng5 Qd6 29. Nh7+ Ke7 30. Rhe1+ Kd7 31. Bf5+ Kc7 32. Bxc8 Rxc8 33. f8=Q
Bxf8 34. Nxf8 Rxf8 35. a3 Qg6+ 36. Ka1 Nc2+ 37. Ka2 Nxe1 38. Qg3+ Kc8 39. Qxe1
dxc3 40. Qxc3+ Kb8 41. Qd4 Rg8 42. Qe5+ Ka8 43. Rg1 Qd3 44. Qf6 Rc8 45. g5 Rc2
46. Qf8+ Ka7 47. Qb4 Qe3 48. Qe1 Qd4 49. Qb1 Rxb2+ 50. Qxb2 Bd5+ 51. Ka1 Qxg1+
52. Qb1 Qxb1+ 0-1

[Event "Hastings Masters"]
[Site "?"]
[Date "2007.12.29"]
[Round "2.25"]
[White "Shakil, Abu Sufia"]
[Black "Adair, James"]
[Result "1-0"]
[WhiteElo "2361"]
[BlackElo "2044"]
[PlyCount "97"]
[EventDate "2007.12.29"]
[SourceDate "2007.12.29"]

1. e4 c5 2. Nf3 d6 3. d4 cxd4 4. Nxd4 Nf6 5. Nc3 e6 6. Bc4 Be7 7. Be3 O-O 8.
Qe2 a6 9. Bb3 b5 10. O-O-O Qc7 11. f3 Nc6 12. g4 Nxd4 13. Bxd4 Bb7 14. h4 Rfc8
15. Kb1 Bc6 16. h5 b4 17. Na4 Nd7 18. f4 Qa5 19. Nb6 Nxb6 20. g5 e5 21. fxe5
dxe5 22. Qf2 Nc4 23. Bxc4 Be8 24. Bb6 Bc5 25. Bxc5 Qxc5 26. Qxc5 Rxc5 {(=)} 27.
Bb3 g6 28. Rd6 gxh5 29. Rxh5 Rc6 30. Rd5 Re6 31. Rc5 Rd6 32. Kc1 Rad8 33. Rh1
Bc6 34. Rxe5 Re8 35. Rxe8+ Bxe8 36. Rh6 Rg6 37. Rxg6+ hxg6 38. Kd2 Kf8 39. Ke3
Ke7 40. e5 a5 41. Kd4 Bd7 42. Bd5 Bf5 43. c4 bxc3 44. bxc3 Bb1 45. a3 a4 46. c4
Ba2 47. c5 Bb3 48. Bxb3 axb3 49. Kc3 1-0

[Event "Hastings Masters"]
[Site "?"]
[Date "2007.12.29"]
[Round "2.26"]
[White "Raddatz, Michael"]
[Black "Marusenko, Petr"]
[Result "0-1"]
[WhiteElo "2037"]
[BlackElo "2304"]
[PlyCount "88"]
[EventDate "2007.12.29"]
[SourceDate "2007.12.29"]

1. e4 c6 2. d4 d5 3. e5 c5 4. c3 Nc6 5. Nf3 Bg4 6. Be2 e6 7. O-O Qb6 8. dxc5
Bxc5 9. b4 Be7 10. Re1 Qc7 11. Bf4 Nh6 12. Nbd2 Nf5 13. Rc1 O-O 14. h3 Bxf3 15.
Nxf3 Rad8 16. b5 Na5 17. Bd3 Qb6 18. Qc2 g6 19. Qe2 Rc8 20. g4 Ng7 21. Bg5 Bxg5
22. Nxg5 Nc4 23. a4 Qa5 24. h4 Nxe5 25. Nxh7 Kxh7 26. Qxe5 Qxa4 27. Qg5 f5 28.
h5 Qxg4+ 29. Qxg4 fxg4 30. hxg6+ Kh6 31. Kg2 Rf3 32. Rh1+ Kg5 33. Rh7 Rxd3 34.
Rxg7 Rdxc3 35. Re1 Kf6 36. Rxb7 R3c7 37. Rxc7 Rxc7 38. Kg3 Kf5 39. Rh1 Rc3+ 40.
Kg2 Kxg6 41. Ra1 Rc7 42. Ra6 Kf5 43. Ra4 e5 44. Ra6 d4 0-1

[Event "Hastings Masters"]
[Site "?"]
[Date "2007.12.29"]
[Round "2.27"]
[White "Gibson, Christopher J"]
[Black "Hasan, Mehdi"]
[Result "0-1"]
[WhiteElo "203"]
[BlackElo "2287"]
[PlyCount "54"]
[EventDate "2007.12.29"]
[SourceDate "2007.12.29"]

1. d4 d5 2. c4 dxc4 3. Nf3 Nf6 4. e3 e6 5. Bxc4 a6 6. O-O b5 7. Bb3 Bb7 8. Nbd2
c5 9. a4 b4 10. a5 Nbd7 11. e4 cxd4 12. e5 Nd5 13. Ba4 Be7 14. Nxd4 O-O 15. Nc6
Qc7 16. Nxe7+ Nxe7 17. f4 Nf5 18. Nf3 Rfd8 19. Qe2 Qxa5 20. g4 Qb6+ 21. Rf2 Nd4
22. Nxd4 Qxd4 23. Be3 Qd5 24. Rg2 Nc5 25. Bxc5 Qxc5+ 26. Rf2 Qd5 27. Rg2 Qxg2+
0-1

[Event "Hastings Masters"]
[Site "?"]
[Date "2007.12.29"]
[Round "2.28"]
[White "Zozulia, Anna"]
[Black "Henrichsen, Jens"]
[Result "1-0"]
[WhiteElo "2343"]
[BlackElo "1982"]
[PlyCount "57"]
[EventDate "2007.12.29"]
[SourceDate "2007.12.29"]

1. e4 c5 2. Nf3 d6 3. d4 cxd4 4. Nxd4 Nf6 5. Nc3 a6 6. h3 e6 7. Bd3 Nbd7 8. O-O
b5 9. a4 b4 10. Na2 Qb6 11. Be3 Nc5 12. Qe1 Rb8 13. Nxb4 Qxb4 14. Bb5+ Rxb5 15.
axb5 Qxe1 16. Rfxe1 axb5 17. Ra8 Kd7 18. Rea1 Nfxe4 19. Nxb5 Be7 20. R1a7+ Nb7
21. Rxb7+ Bxb7 22. Rxh8 Nf6 23. Rb8 Kc6 24. c4 Nd7 25. Na7+ Kc7 26. Re8 Bf6 27.
b4 Ne5 28. c5 dxc5 29. Bxc5 1-0

[Event "Hastings Masters"]
[Site "?"]
[Date "2007.12.29"]
[Round "2.29"]
[White "Young, Melvyn Jack"]
[Black "Briscoe, Christopher"]
[Result "1-0"]
[WhiteElo "1954"]
[BlackElo "2273"]
[PlyCount "81"]
[EventDate "2007.12.29"]
[SourceDate "2007.12.29"]

1. e4 c5 2. d4 cxd4 3. c3 dxc3 4. Nxc3 Nc6 5. Nf3 d6 6. Bc4 a6 7. Qe2 Nf6 8.
O-O Bg4 9. Rd1 Qb8 10. h3 Bxf3 11. Qxf3 Ne5 12. Qe2 Nxc4 13. Qxc4 e6 14. Be3
Be7 15. Qe2 O-O 16. a4 Rc8 17. Rd2 Rc6 18. Rad1 Qf8 19. f4 Nd7 20. Kh1 Rac8 21.
Qf2 Rc4 22. f5 Nf6 23. Qf3 Nd7 24. Qf2 Ne5 25. Qg3 R4c6 26. Rf2 Bf6 27. fxe6
fxe6 28. Bg5 Kh8 29. Rdf1 Nd7 30. e5 dxe5 31. Ne4 Qg8 32. Nxf6 gxf6 33. Rxf6
Rc1 34. Rxc1 Rxc1+ 35. Kh2 Rc8 36. Qg4 Re8 37. h4 Re7 38. Rh6 Re8 39. Qd1 Qg7
40. Qh5 Qg8 41. Rxh7+ 1-0

[Event "Hastings Masters"]
[Site "?"]
[Date "2007.12.29"]
[Round "2.30"]
[White "Auckland, Elliott"]
[Black "Furman, Boris"]
[Result "1/2-1/2"]
[WhiteElo "1910"]
[BlackElo "2264"]
[PlyCount "89"]
[EventDate "2007.12.29"]
[SourceDate "2007.12.29"]

1. d4 Nf6 2. c4 e6 3. Nf3 d5 4. g3 Bb4+ 5. Bd2 a5 6. Bg2 O-O 7. O-O dxc4 8. Qc2
b5 9. a4 Bxd2 10. Nbxd2 b4 11. Nxc4 Bb7 12. Ncd2 Nc6 13. Nb3 Ne7 14. Rac1 Bd5
15. Nc5 Ra7 16. Rfd1 Qa8 17. Ne1 Bxg2 18. Nxg2 Rd8 19. Nf4 Qc6 20. Qb3 Qd6 21.
e4 Kh8 22. d5 e5 23. Nfd3 Ng6 24. h3 h5 25. Ne1 h4 26. g4 Nf4 27. Qe3 Nh7 28.
Ned3 Qf6 29. Nxf4 exf4 30. Qd4 Qxd4 31. Rxd4 Ng5 32. Kg2 f3+ 33. Kh2 Re8 34.
Re1 f6 35. Nd3 Ra6 36. e5 fxe5 {(=)} 37. Rxe5 Rxe5 38. Nxe5 Kh7 39. b3 Ra8 40.
Nc4 Re8 41. Ne3 {(=)} g6 42. Rc4 Re7 43. Rc6 Kg7 44. Ra6 Ne4 45. Kg1 1/2-1/2

[Event "Hastings Masters"]
[Site "?"]
[Date "2007.12.29"]
[Round "2.32"]
[White "Cannone, Antoine"]
[Black "Neverov, Valeriy"]
[Result "0-1"]
[WhiteElo "2059"]
[BlackElo "2558"]
[PlyCount "108"]
[EventDate "2007.12.29"]
[SourceDate "2007.12.29"]

1. e4 c5 2. Nc3 Nc6 3. f4 e6 4. Nf3 d5 5. Bb5 Nge7 6. O-O a6 7. Bxc6+ Nxc6 8.
d3 Be7 9. Qe1 O-O 10. Bd2 b5 11. Qg3 f5 12. e5 d4 13. Ne2 Bb7 14. Kh1 Qd5 15.
Neg1 c4 16. Rfc1 Rac8 17. a3 cxd3 18. cxd3 Qb3 19. Ne1 Qxb2 20. Ngf3 Qb3 21.
Rcb1 Qd5 22. h4 a5 23. h5 h6 24. Nh4 Rf7 25. Nef3 b4 26. axb4 axb4 27. Ng6 Bc5
28. Qe1 Rfc7 29. Qd1 Ra8 30. Rxa8+ Bxa8 31. Ra1 Rc8 32. Rb1 Bb7 33. Qa4 Ra8 34.
Qb5 Ba6 35. Qa4 Ne7 36. Nxe7+ Bxe7 37. Qb3 Bb7 38. Bxb4 Qxb3 39. Rxb3 Bxf3 40.
Bxe7 Ra1+ 41. Kh2 Ra2 42. Rb8+ Kh7 43. Bc5 Rxg2+ 44. Kh3 Rd2 45. Rb3 Bxh5 46.
Bxd4 Bf3 47. Be3 Re2 48. d4 Bd5 49. Rc3 Kg6 50. Bc1 Kh5 51. Rg3 Re1 52. Rc3 g5
53. Kg3 Re2 54. fxg5 hxg5 0-1

[Event "Hastings Masters"]
[Site "?"]
[Date "2007.12.29"]
[Round "2.33"]
[White "Formanek, Edward W"]
[Black "Garnett, John S"]
[Result "1/2-1/2"]
[WhiteElo "2276"]
[BlackElo "2032"]
[PlyCount "69"]
[EventDate "2007.12.29"]
[SourceDate "2007.12.29"]

1. e4 c5 2. Nf3 Nc6 3. d4 cxd4 4. Nxd4 g6 5. c4 Nf6 6. Nc3 d6 7. Be2 Nxd4 8.
Qxd4 Bg7 9. Bg5 O-O 10. Qd2 Be6 11. O-O Qa5 12. Rac1 Rfc8 13. b3 a6 14. f3 b5
15. Nd5 Qxd2 16. Bxd2 Nxd5 17. cxd5 Bd7 18. Rxc8+ Rxc8 19. Rc1 Rxc1+ 20. Bxc1
Kf8 21. Be3 e6 22. dxe6 fxe6 23. Kf2 Ke7 24. Bd3 Bf6 25. Bb6 Bc6 26. Ke3 Bb2
27. Bd4 Bxd4+ 28. Kxd4 e5+ 29. Kc3 a5 30. b4 a4 31. a3 g5 {(=)} 32. Kd2 Kf6 33.
Ke3 h6 34. Bf1 Bd7 35. Be2 1/2-1/2

[Event "Hastings Masters"]
[Site "?"]
[Date "2007.12.29"]
[Round "2.35"]
[White "Lyell, Mark"]
[Black "Lenier, Jude"]
[Result "1-0"]
[WhiteElo "2197"]
[BlackElo "1819"]
[PlyCount "81"]
[EventDate "2007.12.29"]
[SourceDate "2007.12.29"]

1. Nf3 d5 2. d4 Nf6 3. e3 e6 4. Bd3 Be7 5. O-O O-O 6. Nbd2 Nbd7 7. b3 b6 8. Ne5
Bb7 9. f4 c5 10. c3 Rc8 11. Bb2 Re8 12. Qf3 g6 13. Rae1 Bf8 14. g4 Bg7 15. Re2
Qc7 16. g5 Nh5 17. Qh3 f5 18. gxf6 Nhxf6 19. Ndf3 Nf8 20. Ng5 Re7 21. Rg2 Ba8
22. Kh1 Bh8 23. Rfg1 Qb7 24. Qf3 Rcc7 25. h4 Rg7 26. Qh3 Rce7 27. Be2 Qc8 28.
h5 gxh5 29. Bxh5 Nxh5 30. Qxh5 Qe8 31. Qh3 Ng6 32. Ng4 Qc6 33. Nf6+ Kf8 34.
Nfxh7+ Ke8 35. Nf6+ Kd8 36. Nf3 Nf8 37. Qxh8 Rh7+ 38. Nxh7 Rxh7+ 39. Qxh7 Nxh7
40. Rg8+ Ke7 41. Ne5 1-0

[Event "Hastings Masters"]
[Site "?"]
[Date "2007.12.29"]
[Round "2.36"]
[White "McClement, Andrew"]
[Black "Cafferty, Bernard"]
[Result "1/2-1/2"]
[WhiteElo "1594"]
[BlackElo "2192"]
[PlyCount "32"]
[EventDate "2007.12.29"]
[SourceDate "2007.12.29"]

1. d4 Nf6 2. Bf4 d5 3. e3 Bg4 4. f3 Bf5 5. Bd3 Bg6 6. Ne2 e6 7. Nbc3 Be7 8. O-O
O-O 9. Bxg6 hxg6 10. e4 c5 11. exd5 Nxd5 12. Nxd5 Qxd5 13. Kh1 Nc6 14. Be3 cxd4
15. Nxd4 Rfd8 16. Nxc6 Qxc6 1/2-1/2

[Event "Hastings Masters"]
[Site "?"]
[Date "2007.12.29"]
[Round "2.37"]
[White "Prosviriakov, Vladimir"]
[Black "Foord, Dominic"]
[Result "1-0"]
[WhiteElo "2319"]
[BlackElo "2004"]
[PlyCount "105"]
[EventDate "2007.12.29"]
[SourceDate "2007.12.29"]

1. e4 e5 2. Nc3 Nc6 3. Bc4 Nf6 4. d3 Na5 5. Nge2 c6 6. O-O b5 7. Bb3 b4 8. Nb1
Nxb3 9. axb3 d5 10. exd5 Qxd5 11. d4 e4 12. c4 Qd8 13. Bg5 Bd6 14. Ng3 Bxg3 15.
hxg3 h6 16. Bxf6 Qxf6 17. Qd2 O-O 18. Qxb4 Qxd4 19. Nc3 Bg4 20. Rfe1 Rfe8 21.
Re3 Rad8 22. Qb7 Qf6 23. Rxe4 Rxe4 24. Nxe4 Qxb2 25. Re1 Bf5 26. Qe7 Qd4 27.
Nc5 Qd2 28. Qe3 Qb4 29. Ra1 Qb8 30. Qf4 Bc2 31. Qxb8 Rxb8 32. Rc1 Bf5 33. f3
Kf8 34. g4 Be6 35. Ra1 Ke7 36. Rxa7+ Kd6 37. Ra5 Bc8 38. Kf2 f5 39. gxf5 Bxf5
40. Na6 Rf8 41. c5+ Ke5 42. Nb4 Rf6 43. Ke3 g5 44. Ra7 Re6 45. Rc7 Bb1 46. g4
h5 47. gxh5 Kf5+ 48. Kf2 g4 49. Nxc6 Kg5 50. Nd4 Rf6 51. Rg7+ Kxh5 52. Rxg4 Ra6
53. c6 1-0

[Event "Hastings Masters"]
[Site "?"]
[Date "2007.12.29"]
[Round "2.38"]
[White "Eames, Robert"]
[Black "O'Toole, George E"]
[Result "1-0"]
[WhiteElo "2304"]
[BlackElo "1987"]
[PlyCount "117"]
[EventDate "2007.12.29"]
[SourceDate "2007.12.29"]

1. d4 Nf6 2. c4 e6 3. Nc3 d5 4. cxd5 exd5 5. Bg5 Be7 6. e3 h6 7. Bh4 O-O 8. Bd3
Re8 9. Nge2 c6 10. Qc2 Nbd7 11. O-O Ne4 12. Bg3 Ndf6 13. Nxe4 dxe4 14. Bxe4
Nxe4 15. Qxe4 Qa5 16. Qc2 Be6 17. Nf4 Bg5 18. Nxe6 Rxe6 19. a3 h5 20. h3 Qd5
21. Rad1 Rae8 22. Qc5 Qxc5 23. dxc5 Bf6 24. b4 Re4 25. Rd7 R8e7 26. Rfd1 Kh7
27. Rxe7 Rxe7 28. Rd3 Kg6 29. f3 Be5 30. Bxe5 Rxe5 31. Kf2 Re7 32. e4 Rc7 33.
Ke3 Kf6 34. Rd6+ Ke7 35. e5 Rc8 36. f4 g6 37. h4 a5 38. Ke4 axb4 39. axb4 Ra8
40. f5 gxf5+ 41. Kxf5 Ra2 42. g3 Rf2+ 43. Kg5 Re2 44. Kxh5 Rxe5+ 45. Kh6 Re4
46. Kg5 Rxb4 47. Rf6 Rb5 48. Rf5 b6 49. cxb6 Rxb6 50. Re5+ Kf8 51. Kf6 Rb3 52.
g4 Rf3+ 53. Rf5 Rxf5+ 54. Kxf5 Kg7 55. g5 c5 56. h5 c4 57. Ke4 Kf8 58. Kd4 Ke7
59. Kxc4 1-0

[Event "Hastings Masters"]
[Site "?"]
[Date "2007.12.29"]
[Round "2.39"]
[White "Ledger, David"]
[Black "Rety, John"]
[Result "1-0"]
[WhiteElo "2266"]
[BlackElo "1970"]
[PlyCount "85"]
[EventDate "2007.12.29"]
[SourceDate "2007.12.29"]

1. e4 c5 2. Nc3 e6 3. g3 d5 4. exd5 exd5 5. Bg2 Nf6 6. d3 Be7 7. Nge2 O-O 8.
O-O d4 9. Ne4 Nxe4 10. dxe4 Nc6 11. Nf4 Bd6 12. h3 f5 13. Re1 Bxf4 14. Bxf4 g5
15. Bd2 f4 16. Qh5 Qf6 17. gxf4 gxf4 18. e5 Qg7 19. Kh1 Bf5 20. Bxf4 Bg6 21.
Qh4 Rf5 22. e6 Rh5 23. Qg4 Rf8 24. a3 Qf6 25. Bg3 Rg5 26. Qd1 Rh5 27. Kh2 Re8
28. c4 Re7 29. Qg4 Ne5 30. Bxe5 Rxe5 31. f4 Rf5 32. Rf1 Kg7 {(=)} 33. Be4 Rxe6
34. Bxf5 Qxf5 35. Rae1 Rb6 36. Rf2 Rb3 37. Re5 Qf6 38. Rxc5 d3 39. Rd5 Rxb2 40.
Rxb2 Qxb2+ 41. Kg3 Qe2 42. Qxe2 dxe2 43. Kf2 1-0

[Event "Hastings Masters"]
[Site "?"]
[Date "2007.12.29"]
[Round "2.40"]
[White "Grant, Alan"]
[Black "Lee, Jia Shen"]
[Result "1-0"]
[WhiteElo "2251"]
[BlackElo "1920"]
[PlyCount "115"]
[EventDate "2007.12.29"]
[SourceDate "2007.12.29"]

1. Nf3 Nf6 2. c4 g6 3. Nc3 Bg7 4. g3 O-O 5. Bg2 d5 6. cxd5 Nxd5 7. O-O Nxc3 8.
bxc3 c5 9. Rb1 Qc7 10. c4 Nc6 11. d3 Rb8 12. Be3 b6 13. Qd2 Rd8 14. Bh6 Bb7 15.
Bxg7 Kxg7 16. Rb3 Nd4 17. Nxd4 Rxd4 18. Bxb7 Rxb7 19. a4 Qd7 20. Rfb1 Qc6 21.
a5 f6 22. Qa2 Rd6 23. axb6 axb6 24. Qa6 Qc7 25. Qa2 Re6 26. R1b2 Kf7 27. Ra3
Rd6 28. Ra8 Rd8 29. Ra6 Rdb8 30. Qb1 Kg7 31. h4 h5 32. Rb5 Qd6 33. Ra2 Qe5 34.
Kg2 Qd6 35. Rab2 Qc6+ 36. Kh2 Qd6 37. Qh1 Qd4 38. Qf3 f5 39. Kg2 Qd6 40. Qe3 e5
41. Ra2 Qd4 42. Qxd4 exd4 43. Kf3 Kf7 44. Rab2 Ke7 45. Kf4 Ke6 46. e3 dxe3 47.
fxe3 Kf7 48. R2b3 Kg7 49. Kf3 Kf7 50. d4 cxd4 51. exd4 Rc7 52. c5 Rd7 53. Rxb6
Rbd8 54. Rb7 Ke6 55. R3b6+ Kd5 56. Rxd7+ Rxd7 57. Rxg6 Re7 58. Rd6+ 1-0

[Event "Hastings Masters"]
[Site "?"]
[Date "2007.12.29"]
[Round "2.41"]
[White "Snape, Ian"]
[Black "Guo, Xi Yang"]
[Result "1/2-1/2"]
[WhiteElo "2230"]
[BlackElo "1853"]
[PlyCount "88"]
[EventDate "2007.12.29"]
[SourceDate "2007.12.29"]

1. c4 g6 2. g3 Bg7 3. Bg2 d6 4. Nc3 Nf6 5. Nf3 O-O 6. O-O e5 7. d3 Nc6 8. Rb1
a5 9. a3 Re8 10. Bg5 h6 11. Bxf6 Bxf6 12. b4 axb4 13. axb4 Ne7 14. Nd2 c6 15.
Nce4 Bg7 16. c5 Nf5 17. Nxd6 Nxd6 18. cxd6 Qxd6 19. Nc4 Qc7 20. Qc2 Be6 21. Na5
Bf8 22. Qc3 Red8 23. Rfc1 Bd5 24. Bxd5 Rxd5 25. Nc4 Bg7 26. Ne3 Rb5 27. Kg2 Qe7
28. Qb3 Ra6 29. Rc5 Rab6 30. Rxb5 Rxb5 31. Nc2 Bf8 32. Qa4 Qd6 33. Ra1 Kg7 34.
f3 Qc7 35. Qa3 Bd6 36. Qc3 Qe7 37. Ra4 Kh7 38. Qc4 Kg7 39. Qc3 f5 40. Qc4 Qf7
41. e4 Kf6 42. h3 Qe6 43. Kh2 Qe8 44. Na3 Rb6 1/2-1/2